00326nam a2200121Ia 4500008004100000041000800041082001500049100002200064245004400086260003500130300003200165365000700197240624s9999 xx 000 0 und d aeng a658.84 TRE aTREESE G WINFIELD aDESIGNING SYSTEMS FOR INTERNET COMMERCE c2000aDelhibPearson Education axiii, : 375 : p. : cm. ; 24 cRS